Noszlopi László A szeretet lélektana és bölcselete /

Elmentve itt :
Bibliográfiai részletek
Szerző: Pentz Gáspár
További közreműködők: Noszlopi László
Dokumentumtípus: Cikk
Megjelent: 1944
Sorozat:Nevelésügyi szemle 8 No. 3-4
Kulcsszavak:Szeretet - pszichológia - könyvismertetés, Szeretet - fejlődéslélektan - könyvismertetés
Online Access:http://acta.bibl.u-szeged.hu/53672
LEADER 00710nab a2200181 i 4500
001 acta53672
005 20260224081030.0
008 180320s1944 hu o 000 hun d
040 |a SZTE Egyetemi Kiadványok Repozitórium  |b hun 
041 |a hun 
100 1 |a Pentz Gáspár 
245 1 0 |a Noszlopi László   |h [elektronikus dokumentum] :  |b A szeretet lélektana és bölcselete /  |c  Pentz Gáspár 
260 |c 1944 
300 |a 91-92 
490 0 |a Nevelésügyi szemle  |v 8 No. 3-4 
695 |a Szeretet - pszichológia - könyvismertetés, Szeretet - fejlődéslélektan - könyvismertetés 
700 0 1 |a Noszlopi László 
856 4 0 |u http://acta.bibl.u-szeged.hu/53672/1/nev_szem_008_003_004_091-092.pdf  |z Dokumentum-elérés